000 00549nam a2200181 i 4500
001 19030
003 ES-MaACL
005 20230906152000.0
007 t|
008 020524s2002 sp ||||1| spa d
080 _a529(04)
100 1 _aBalguerías Jiménez, Antonio.
_924934
245 1 0 _aDiálogo entre dos individuos que han llegado al brillante siglo XXI /
_cAntonio Balguerías Jiménez.
260 _a[Madrid :
_bEl autor,
_c2002]
300 _a9 p. ;
_c21 cm.
650 1 4 _aCronología.
_911457
852 _aES-MaACL
_j2167-F-15
_bR.131679
999 _c19030
_d19030